000 01636nam0a2200325 4500
001 RU\NLR\bibl\1501625
005 20260405201002.0
010 _a978-5-9581-0190-0
_9500
021 _aRU
_b2010-17561
_91178
035 _a(NLR Aleph) 001493080
090 _a1773766
_c1773766
100 _a20100420d2010 |||y0rusy50 ca
101 0 _arus
102 _aRU
105 _aa |||||||||
200 1 _aЗащита от электромагнитного излучения
_eмонография
_fГ.П. Жуков, С.Г. Жуков
_gФедер. агентство по образованию, Гос. образоват. учреждение высш. проф. образования "Поволж. гос. ун-т сервиса (ПВГУС)"
210 _aТольятти
_cПоволжский государственный университет сервиса
_d2010
215 _a125 с.
_cил.
_d21
320 _aБиблиогр.: с. 124-125
606 1 _aЭлектромагнитное излучение
_xВлияние на организм
_xЗащита
_92244639
_3RU\NLR\auth\661346699
686 _aЗ26-012
700 1 _4070
_8rus
_7ca
_aЖуков
_bГ. П.
_cканд. техн. наук
_gГеоргий Петрович
_3RU\NLR\auth\7788559
_971487
701 1 _4070
_8rus
_7ca
_aЖуков
_bС. Г.
_cинженер, безопасность жизнедеятельности
_gСергей Георгиевич
_3RU\NLR\auth\7788560
_971488
801 0 _aRU
_bNLR
_c20100420
_gRCR
801 1 _aRU
_bNLR
_c20100420
830 _aавт. по кн.
942 _cBOOK
980 _aNB
980 _aNBR